Divergente - Quiz Ultime - Statistiques

Statistiques générales
  • Ce quiz a été pris 244 fois
  • Le résultat moyen est 21 sur 39
Statistiques - réponses
Hint Réponse % Correct
Personnages Amoureux du personnage principale Tobias Eaton / Quatre
99%
Personnages Personnage principale Béatrice Prior / Tris
98%
Saga Nombre de livres 4
96%
Saga Nombre de films 3
92%
Factions A Altruistes
85%
Factions E Érudits
85%
Autres À quel âge choisit-on sa faction ? 16 ans
84%
Factions A Audacieux
83%
Factions F Fraternels
81%
Autres Nom des personnes qui ne correspondent à aucune faction Les Divergents
77%
Factions S Sincères
76%
Personnages Meilleure amie du personnage principale Christina
74%
Personnages Frère du personnage principale Caleb Prior
73%
Saga Nom du 1er livre/film Divergente
66%
Personnages Leader tatoué de la faction en A Eric
66%
Personnages Père de l'amoureux du personnage principale et leader de la faction en 1 Marcus Eaton
61%
Autres Ville où se passe l'intruge Chicago
59%
Acteurs Amoureux du personnage principale Theo James
58%
Personnages Antagoniste à la tête de la Jeannine Matthews
57%
Personnages Ami/ennemi du personnage principale Peter
57%
Personnages Tatoueuse qui fait passer le test au personnage principale Tori
57%
Personnages Garçon que le personnage principale tue Will
57%
Saga Autrice Veronica Roth
48%
Personnages Père du personnage principale Andrew Prior
46%
Personnages Leader noir de la faction en A Max
43%
Personnages Mère du personnage principale Nathalie Prior
43%
Personnages Mère de l'amoureux du personnage principale Evelyn Johnson Eaton
42%
Acteurs Personnage principale Shailene Woodley
40%
Saga Nom du 2e livre/film Divergente 2 : L'Insurrection
38%
Saga Nom du 3e livre/film Divergente 3 : Au-delà du mur
38%
Acteurs Meilleure amie du personnage principale Zoë Kravitz
31%
Personnages Leadeuse de la faction en A Johanna Reyes
28%
Personnages Leader à la tête de la faction en S Jack Kang
25%
Saga Nom du 4e livre Divergente raconté par QUATRE
23%
Acteurs Ami/ennemi du personnage principale Miles Teller
19%
Acteurs Antagoniste Kate Winslett
10%
Saga Réalisateur du 1er film Neil Burger
10%
Autres Nom de l'organisation qui a créé les factions ? Le Bureau du Bien-Être Génétique
9%
Saga Réalisateur du 2e & 3e films Robert Schwentke
6%
Aucun quiz correspondant
Distribution des résultats
% des personnes avec chaque résultat
Percentile par nombre de réponses
Votre historique - résultats
Vous n’avez pas pris ce quiz